Emerging Asian city: concomitant urbanities and urbanisms (Record no. 8435)

MARC details
000 -LEADER
fixed length control field 00344nam a2200133Ia 4500
020 ## - INTERNATIONAL STANDARD BOOK NUMBER
ISBN 9780415525978
082 ## - DEWEY DECIMAL CLASSIFICATION NUMBER
Classification number 307.76095 EME;
245 #0 - TITLE STATEMENT
Title Emerging Asian city: concomitant urbanities and urbanisms
260 ## - PUBLICATION, DISTRIBUTION, ETC. (IMPRINT)
Place of publication London
Name of publisher Routledge
Year of publication 2013
300 ## - PHYSICAL DESCRIPTION
Number of Pages xxi, 270
650 ## - SUBJECT ADDED ENTRY--TOPICAL TERM
Topical Term CITIES AND TOWNS - ASIA
700 ## - ADDED ENTRY--PERSONAL NAME
Personal name Bharne, Vinayak
942 ## - ADDED ENTRY ELEMENTS (KOHA)
Koha item type Books
Holdings
Withdrawn status Lost status Damaged status Not for loan Home library Current library Date acquired Source of acquisition Bill Date Full call number Accession Number Price effective from Koha item type
        NASSDOC Library NASSDOC Library 18/12/2014 VARDH 2014-11-19 307.76095 EME; 48581 18/04/2019 Books